000 00620nam a2200241Ia 4500
003 OSt
005 20220918174306.0
006 a|||||r|||| 00| 0
007 ta
008 220917b |||||||| |||| 00| 0 eng d
024 _a11,489
037 _cTextual
040 _aARTS
_cARTS
_beng
041 _2eng
_aeng
082 _aM95, M1
100 _aAbramson Nils
_949910
245 0 _aMaking and evaluation of holograms
260 _aLondon
_bAcademic Press
_c1981
300 _axv,326p
_ccm.
650 _aINDUSTRIAL ARTS
942 _hM95, M1
_cTEXL
_2CC
999 _c152588
_d152588